000 00898cam a2200217 a 4500
005 20090924191526.0
008 060803s2007 njua b 001 0 eng
010 _aENG-95642
020 _a9788120339255
_c175.00
035 _aEN-79175
037 _aDBAD/PUB
040 _aDPL
100 _aMishra, Kaninika
245 _aFundamentals of life insurance :
_cby Kaninika Mishra
_btheories and applications
260 _aNew Delhi :
_bPHI Learning P. Ltd.
_c2009
300 _axiii, 201p. :
_c24 cm. (Pbk)
500 _aIncludes Glossary and indexes.
942 _2ddc
_cEN
_mMIS
999 _c32942
_d32942